Automated analytics on AMS performance metrices (Record no. 6058)

MARC details
000 -LEADER
fixed length control field 00474nam a22001697a 4500
003 - CONTROL NUMBER IDENTIFIER
control field OSt
005 - DATE AND TIME OF LATEST TRANSACTION
control field 20220107122838.0
008 - FIXED-LENGTH DATA ELEMENTS--GENERAL INFORMATION
fixed length control field 180524b xxu||||| |||| 00| 0 eng d
040 ## - CATALOGING SOURCE
Transcribing agency IIITMK
100 ## - MAIN ENTRY--PERSONAL NAME
Personal name Nikhilnath K V (92216018)
9 (RLIN) 14044
245 ## - TITLE STATEMENT
Title Automated analytics on AMS performance metrices
300 ## - PHYSICAL DESCRIPTION
Extent MSC DA 2016-2018
502 ## - DISSERTATION NOTE
Degree type MSC DA
Name of granting institution 2016-2018
Year degree granted INT
-- Dr. Manojkumar T K
650 ## - SUBJECT ADDED ENTRY--TOPICAL TERM
Topical term or geographic name entry element ANOMALIES
9 (RLIN) 14045
650 ## - SUBJECT ADDED ENTRY--TOPICAL TERM
Topical term or geographic name entry element SNMP ANALYTICS
9 (RLIN) 14046
942 ## - ADDED ENTRY ELEMENTS (KOHA)
Source of classification or shelving scheme Dewey Decimal Classification
Koha item type
Holdings
Withdrawn status Lost status Source of classification or shelving scheme Damaged status Not for loan Collection code Home library Current library Shelving location Date acquired Total Checkouts Barcode Date last seen Price effective from Koha item type
    Dewey Decimal Classification     Non Fiction IIITM-K Kerala University of Digital Sciences, Innovation and Technology Knowledge Centre   24/05/2018   R-1365 24/05/2018 24/05/2018 Project Reports